00423nam a2200145Ia 450000500170000000800410001702000150005808200170007310000210009024500770011126000510018830000170023965000100025665000110026620240528055600.0240331s9999 xx 000 0 und d a9559102737 bKOta640.554 aKottegoda,Sepali 0aNegotiating Household Politics :bWomen's Strategies in Urban Sri Lanka  aSri LankabSocial Scientists Associationc2004 avi, 269 p ., awoman aSocial